La singularité du CMP de Vaison la Romaine (notice n° 1865402)

détails MARC
000 -LEADER
fixed length control field 02012cam a2200205 4500500
005 - DATE AND TIME OF LATEST TRANSACTION
control field 20260329011830.0
041 ## - LANGUAGE CODE
Language code of text/sound track or separate title fre
042 ## - AUTHENTICATION CODE
Authentication code dc
100 10 - MAIN ENTRY--PERSONAL NAME
Personal name Hector, Daniel
Relator term author
245 00 - TITLE STATEMENT
Title La singularité du CMP de Vaison la Romaine
260 ## - PUBLICATION, DISTRIBUTION, ETC.
Date of publication, distribution, etc. 2006.<br/>
500 ## - GENERAL NOTE
General note 76
520 ## - SUMMARY, ETC.
Summary, etc. À partir de l’analyse d’un dispositif médiatique donnant à voir des séquences de consultations psychologiques, cet article interroge les effets cliniques et éthiques de l’exposition publique de la parole intime. Il examine les déplacements induits par le passage d’un cadre thérapeutique confidentiel vers un espace médiatisé, où le récit de soi est montré, fragmenté et soumis au regard de l’autre. Inscrite dans une approche intégrative, l’auteure propose une lecture articulant cadre, transfert, espace transitionnel et distinction entre intime et extime. L’émission est envisagée non comme une restitution du processus thérapeutique, mais comme un espace de projection susceptible de favoriser l’émergence consciente de contenus psychiques non élaborés, tant chez les participants que chez les spectateurs. L’article met en évidence le décalage irréductible entre ce qui est montré, ce qui est dit et ce qui est vécu, rappelant que l’essentiel du travail psychique demeure en grande partie invisible et non partageable hors du cadre transférentiel. Il défend la nécessité d’un positionnement éthique clair face aux formes contemporaines d’exposition de l’intime, et invite les psychologues à penser ces dispositifs comme des objets cliniques à part entière, appelant vigilance et responsabilité professionnelle.
700 10 - ADDED ENTRY--PERSONAL NAME
Personal name Baussan, Paulette
Relator term author
700 10 - ADDED ENTRY--PERSONAL NAME
Personal name Vigne, Robert
Relator term author
700 10 - ADDED ENTRY--PERSONAL NAME
Personal name Schmitt, Murielle
Relator term author
700 10 - ADDED ENTRY--PERSONAL NAME
Personal name Cohen, André Salomon
Relator term author
786 0# - DATA SOURCE ENTRY
Note Psy Cause | 44-45 | 2-3 | 2006-01-02 | p. 24-28 | 1245-2394
856 41 - ELECTRONIC LOCATION AND ACCESS
Uniform Resource Identifier <a href="https://shs.cairn.info/revue-psy-cause-2006-2-3-page-24?lang=fr&redirect-ssocas=7080">https://shs.cairn.info/revue-psy-cause-2006-2-3-page-24?lang=fr&redirect-ssocas=7080</a>

Pas d'exemplaire disponible.

PLUDOC

PLUDOC est la plateforme unique et centralisée de gestion des bibliothèques physiques et numériques de Guinée administré par le CEDUST. Elle est la plus grande base de données de ressources documentaires pour les Étudiants, Enseignants chercheurs et Chercheurs de Guinée.

Adresse

627 919 101/664 919 101

25 boulevard du commerce
Kaloum, Conakry, Guinée

Réseaux sociaux

Powered by Netsen Group @ 2025